000 00505nam a22001577a 4500
003 OSt
005 20250117121701.0
008 250117b |||||||| |||| 00| 0 eng d
040 _c0
082 _aDPer 910.46 In821 April-May 2019 vol. 78-79
245 _aAnnouncements and call /
260 _aUSA;
_bNational Council of Teachers of English,
_c2021.
300 _avolume 72, pages 643-654.
500 _aCollege Composition & Communication, vol. 72, no. 4, pages 643-654, June 2021.
942 _2ddc
_cPER
999 _c23328
_d23328